CÁTALOGO MUNICIPAL







La china Tudela / (Registro nro. 4286)

Detalles MARC
000 -Cabecera (24)
Campo de control interno 00712nam a2200229Ia 4500
005 - Fecha y hora de la
Campo de control 20250529121524.0
008 - Códigos de longitud fija (40p)
Campo de control de longitud fija 210122b ###||||| |||| 00| 0 spa d
017 ## - DEPOSITO LEGAL (PERÚ)
Número Depósito Legal 2000-0008
020 ## - INTERNATIONAL STANDARD BOOK NUMBER
ISBN 9972-649-19-9
040 ## - Origen de la Catalogacion
Origen de la Catalogacion BIBLIOTECA MUNICIPAL DE BARRANCO
Transcribing agency BIBLIOTECA MUNICIPAL DE BARRANCO
041 ## - Código de idioma (R)
Código de lengua del texto/banda sonora o título independiente (R) spa
043 ## - Pais ISO
País ISO pe
082 ## - Número de la Clasificación
Número de la Clasificación 869.56
Número de documento/Ítem L46 2000
100 ## - Autor Personal
Autor Personal León, Rafael
245 #0 - Titulo
Titulo La china Tudela /
Mencion del autor Rafo León
260 ## - Pie de imprenta
Ciudad Lima:
Editorial APOYO,
Año 2000
300 ## - Descripcion
Páginas 210 p.:
Otros detalles físicos il.;
Dimensiones 21 cm.
650 #0 - Temas - Descriptores
Temas - Descriptores Ensayos peruanos
Subdivisión cronológica (R) Siglo XX
9 (RLIN) 930
650 #0 - Temas - Descriptores
Temas - Descriptores Ensayos periodísticos -- Perú -- Siglo XX
9 (RLIN) 941
942 ## - Datos personalizados Koha
Tipo de Documento Libros
Esquema de Clasificacion Dewey Decimal Classification
Catalogador GHÑ
Fecha procesamiento 2022-11-04
Existencias
Fuente de Clasificacion Deterioro (estado) Ubicacion permanente Ubicacion actual Fecha de Ingreso a la Biblioteca Numero inventario Prestamos Signatura Topográfica Código de barras Ultima fecha de verificacion Tipo de Item Ubicación en edificio Precio dolares Ejemplar
Dewey Decimal Classification   Biblioteca Municipal Manuel Beingolea Biblioteca Municipal Manuel Beingolea 01/08/2020 008528   869.56 L46 2000 008528 09/09/2022 Libros Estantería cerrada    
Dewey Decimal Classification   Biblioteca Municipal Manuel Beingolea Biblioteca Municipal Manuel Beingolea 05/29/2025 005870   869.56 L46 2000 005870 05/29/2025 Libros Sala - Estantería abierta   Ej.2

  

  GERENCIA DE CULTURA Y TURISMO

  Biblioteca Municipal de Barranco

  Auspiciado por la Municipalidad Distrial de Barranco

  Horario de atención: De lunes a sábado de 8:00 am a 5:00 pm.

  Correo electrónico: biblioteca@munibarranco.gob.pe

  Teléfono :203-6730, anexo 303


Ubicación